| 000 | 01004nas a2200349 4500 | ||
|---|---|---|---|
| 001 | BR2012000160 | ||
| 003 | BR-BrBNA | ||
| 005 | 20231205115928.0 | ||
| 007 | ta | ||
| 008 | 230509b bl.|||p| |||| 00| 00por d | ||
| 040 |
_aBR-BrBNA _bpor _cBiblioteca Nacional de Agricultura |
||
| 041 | _a(Pt) | ||
| 072 | _aL73 | ||
| 100 | 1 | _aCoelho, F.M. | |
| 100 | 1 | _aMaia, M.Q. | |
| 100 | 1 | _aLuppi, M.M. | |
| 100 | 1 | _aCosta, E.A. | |
| 100 | 1 | _aLuiz, A.P.M.F. | |
| 100 | 1 | _aRibeiro, N.A. | |
| 100 | 1 | _aBofim, M.R.Q. | |
| 100 | 1 | _aFonseca, F.G. | |
| 100 | 1 | _aResende, M. | |
| 245 | 1 | _aOcorrência do vírus da leucemia felina em Felis cattus em Belo Horizonte | |
| 650 | _aGATO | ||
| 650 | _aLEUCEMIA | ||
| 650 | _aVÍRUS | ||
| 650 | _aEPIDEMIOLOGIA | ||
| 650 | _aMINAS GERAIS | ||
| 773 | 0 |
_tArquivo Brasileiro de Medicina Veterinária e Zootecnia (Brazil) _xISSN 0102-0935 _g(Jun 2011), v. 63(3) p. 778-783 _wBR2012000160 |
|
| 909 |
_a202311 _bLúcia _c55 _dLúcia Elande |
||
| 942 |
_2AGRIS _n0 _cANA |
||
| 999 |
_c216346 _d216346 |
||